000
00214 a2200097 4500
001
8891
090
_c
7080
_d
7080
100
_a
Hamid A A
245
_a
Pak Practical Chemistaary (W/O vide BOO on 1980)
260
_b
Ilmie Kitab
942
_a
NUST-CAE
999
_c
243964
_d
243964